000 00887nam a2200277 a 4500
001 43421
003 BD-RjUL
005 20211209053709.0
008 160621s1952 enkac b 001 0beng
035 _a(BD-RjUL)43539
040 _aDLC
_cNAlU
_dUk
_dDLC
_dBD-RjUL
_beng
041 _aeng
082 _223
_a372.942
_bFRI 1952
245 0 0 _aFriedrich Froebel and English education /
_cP Woodham Smith...[et al.] ; Evelyn Lawrence
260 _aLondon :
_bUniversity of London Press,
_c1952
300 _a248 p. :
_bill. ;
_c23 cm.
600 1 0 _aFröbel, Friedrich,
_d1782-1852.
_9133356
650 0 _aEducation
_zGreat Britain
_xHistory.
_9133357
700 _aSmith, P Woodham
_9133374
700 _aSlight, J.P.
_9133375
700 _aPriestman O.B.
_9133376
700 _aHamilton, H. A.
_9133377
700 _aIsaace, N
_9133378
942 _2ddc
_cBK
999 _c43421
_d43421